Coulson and Richardson's chemical engineering : solutions to the problems in chemical engineering. V. 2 and 3, 5 /
Spremljeno u:
| Glavni autor: | |
|---|---|
| Format: | Knjiga |
| Jezik: | English |
| Izdano: |
Oxford ; Boston :
Butterworth-Heinemann,
1997.
|
| Izdanje: | 2nd ed. |
| Teme: | |
| Oznake: |
Dodaj oznaku
Bez oznaka, Budi prvi tko označuje ovaj zapis!
|
| Thư viện lưu trữ: | Mạng thư viện Đại học Đà Nẵng |
|---|
| LEADER | 00929cam a2200325 i 4500 | ||
|---|---|---|---|
| 001 | 000046410 | ||
| 003 | 5877 | ||
| 005 | 20030317144918.0 | ||
| 008 | 010226|1997 vm 000 eng | ||
| 020 | |a 0750626127 | ||
| 040 | |a IRC |c IRC |d IRC | ||
| 041 | 0 | |a eng | |
| 082 | 1 | 4 | |a 660 |b CO-J |
| 100 | 1 | |a Coulson, J. M. |q (John Metcalfe) | |
| 245 | 0 | 0 | |a Coulson and Richardson's chemical engineering : |b solutions to the problems in chemical engineering. |n V. 2 and 3, 5 / |c J. M. (John Metcalfe) Coulson. |
| 250 | |a 2nd ed. | ||
| 260 | |a Oxford ; Boston : |b Butterworth-Heinemann, |c 1997. | ||
| 300 | |a xi, 336p. : |b ill. | ||
| 630 | 0 | 4 | |a Chemical engineering. |
| 650 | 0 | 4 | |a Chemical engineering. |
| OWN | |a DUT | ||
| 999 | |a From the UDN01 | ||
| TYP | |a Monograph | ||
| TYP | |a Printed language | ||
| 980 | |a Mạng thư viện Đại học Đà Nẵng | ||


